मानव स्वास्थ्य एवं प्राथमिक उपचार : (Record no. 119424)
[ view plain ]
| 000 -LEADER | |
|---|---|
| fixed length control field | 01336nam a22002537a 4500 |
| 005 - DATE AND TIME OF LATEST TRANSACTION | |
| control field | 20170124103133.0 |
| 010 ## - LIBRARY OF CONGRESS CONTROL NUMBER | |
| LC control number | B-245002 |
| 020 ## - INTERNATIONAL STANDARD BOOK NUMBER | |
| Terms of availability | 300.00 |
| International Standard Book Number | 8188007115 |
| 035 ## - SYSTEM CONTROL NUMBER | |
| System control number | B-245002 |
| 037 ## - SOURCE OF ACQUISITION | |
| Source of stock number/acquisition | Cen Lib/Ret |
| 040 ## - CATALOGING SOURCE | |
| Original cataloging agency | DPL |
| Language of cataloging | HN |
| 082 ## - DEWEY DECIMAL CLASSIFICATION NUMBER | |
| Classification number | 362.18 |
| Item number | शर्मामृ |
| 100 ## - MAIN ENTRY--PERSONAL NAME | |
| Personal name | शर्मा, मृदुला |
| 9 (RLIN) | 84820 |
| 245 ## - TITLE STATEMENT | |
| Title | मानव स्वास्थ्य एवं प्राथमिक उपचार : |
| Statement of responsibility, etc | मृदुला शर्मा |
| Remainder of title | रोकथाम के उपाय / |
| 246 ## - VARYING FORM OF TITLE | |
| Title proper/short title | Manav swasthye ewam prathmik upchar : roktham ke upay / |
| Remainder of title | by Mridula Sharma |
| 260 ## - PUBLICATION, DISTRIBUTION, ETC. (IMPRINT) | |
| Place of publication, distribution, etc | दिल्ली |
| Name of publisher, distributor, etc | आरोग्य निधि प्रकाशन |
| Date of publication, distribution, etc | 2007 |
| 270 ## - ADDRESS | |
| Address | ब्लाक-सी-8, हाउस नं.-174, यमुना विहार |
| City | दिल्ली |
| Postal code | 110053 |
| 300 ## - PHYSICAL DESCRIPTION | |
| Extent | 248पृ. : |
| Dimensions | 20सेमी(सजिल्द) |
| Other physical details | सचित्र |
| 650 ## - SUBJECT ADDED ENTRY--TOPICAL TERM | |
| Topical term or geographic name as entry element | मानसिक -- स्वास्थ्य |
| 9 (RLIN) | 84821 |
| 650 ## - SUBJECT ADDED ENTRY--TOPICAL TERM | |
| Topical term or geographic name as entry element | राष्ट्रीय एवं अन्तर्राष्ट्रीय -- स्वास्थ्य संगठन |
| 9 (RLIN) | 84822 |
| 650 ## - SUBJECT ADDED ENTRY--TOPICAL TERM | |
| Topical term or geographic name as entry element | Mental health |
| 9 (RLIN) | 4146 |
| 650 ## - SUBJECT ADDED ENTRY--TOPICAL TERM | |
| Topical term or geographic name as entry element | National and international - Health Organization |
| 9 (RLIN) | 84823 |
| 942 ## - ADDED ENTRY ELEMENTS (KOHA) | |
| Source of classification or shelving scheme | Dewey Decimal Classification |
| Koha item type | Hindi Books |
| Classification part | 362.18 |
| Call number suffix | शर्मामृ |
| Withdrawn status | Lost status | Damaged status | Not for loan | Home library | Current library | Date acquired | Source of acquisition | Cost, normal purchase price | Total Checkouts | Full call number | Barcode | Date last seen | Date checked out | Copy number | Cost, replacement price | Price effective from | Koha item type |
|---|---|---|---|---|---|---|---|---|---|---|---|---|---|---|---|---|---|
| Central Library | Central Library | 17/09/2015 | Cen Lib/Ret | 300.00 | 1 | 362.18 शर्मामृ | B-245002 | 04/02/2019 | 23/01/2019 | 1 | 300.00 | 17/09/2015 | Hindi Books |
